LEADER 02651nam 2200529 450 001 9910811490803321 005 20220530172703.0 010 $a3-657-77044-5 024 7 $a10.30965/9783657770441 035 $a(CKB)4330000000532590 035 $a(OCoLC)ocn670470659 035 $a(nllekb)BRILL9783657770441 035 $a(MiAaPQ)EBC6516085 035 $a(Au-PeEL)EBL6516085 035 $a(OCoLC)1243532970 035 $a(Brill | Scho?ningh)9783657770441 035 $a(EXLCZ)994330000000532590 100 $a20220530d2010 uy 0 101 0 $ager 135 $aurun####uuuua 181 $ctxt$2rdacontent 182 $cn$2rdamedia 183 $2rdacarrier 200 14$aDie Vertreibung Im Deutschen Erinnern $eLegenden, Mythos, Geschichte /$fHans Henning Hahn, Eva Hahn 205 $a1st ed. 210 1$aPaderborn :$cBrill,$d[2010] 210 4$d©2010 215 $a1 online resource 311 $a3-506-77044-6 320 $aIncludes bibliographical references (p. [807]-828) and indexes. 330 $aDie Vertreibung der Deutschen im o?stlichen Europa infolge des Zweiten Weltkriegs geho?rt zu den umstrittensten Themen der deutschen Zeitgeschichte; denn die Geschichte und vielfa?ltigen Erfahrungen der Vertriebenen sind trotz aufwa?ndiger Quellen- sowie Zeitzeugeneditionen und vieler Detailstudien wenig bekannt. Wer wurde wo und wann von wem warum vertrieben?Das vorliegende Buch kla?rt anhand einer umfassenden Untersuchung des Erinnerns im breitesten Sinne des Wortes zahlreiche bis heute kursierende Legenden, wa?hrend es zugleich die ihnen zugrunde liegenden Vorga?nge erla?utert. Somit entsteht ein detailreiches Bild der gemeinhin als Vertreibung erinnerten Ereignisse. Zugleich zeigt diese Geschichte des o?ffentlichen Erinnerns, wie jenes Geschehen zwar ha?ufig, meist aber nur metaphorisch erwa?hnt worden ist, wie manche Berichte der Betroffenen oft wiederholt worden, andere in Vergessenheit geraten sind, und wie aus gefestigten Redewendungen ein Mythos Vertreibung entstanden ist. 606 $aPopulation transfers$xGermans$xHistory$y20th century 606 $aWorld War, 1939-1945$xForced repatriation 607 $aDeutschland$2swd 615 0$aPopulation transfers$xGermans$xHistory 615 0$aWorld War, 1939-1945$xForced repatriation. 676 $a940.531 686 $a943$2GyFmDB 700 $aHahn$b Hans-Henning$01681969 702 $aHahnova?$b Eva$f1946- 801 0$bMiAaPQ 801 1$bMiAaPQ 801 2$bMiAaPQ 906 $aBOOK 912 $a9910811490803321 996 $aDie Vertreibung Im Deutschen Erinnern$94051729 997 $aUNINA LEADER 02381nas 2200481 n 450 001 990008933480403321 005 20240229084550.0 011 $a0246-0262 035 $a000893348 035 $aFED01000893348 035 $a(Aleph)000893348FED01 035 $a000893348 091 $2CNR$aP 00002176 100 $a20161109b19691970km-y0itaa50------ba 101 0 $afre 102 $aFR 110 $aauu-------- 200 1 $aBulletin signalétique. CNRS. Section 380: Sciences agricoles, zootechnie, phytiatrie et phytopharmacie, aliments et industries alimentaires 207 1$a1969-1970 210 $aParis$cCentre de documentation du CNRS 326 $aMensile 430 0$1001000893331$12001$aBulletin signalétique. CNRS. Section 18: Sciences agricoles, zootechnie, phytiatrie et phytopharmacie, aliments et industries alimentaires 440 0$1001000893299$12001$aBulletin signalétique - Centre national de la recherche scientifique. 380, Agronomie, zootéchnie, phytopathologie, industries alimentaires 530 0 $aBulletin signalétique. CNRS. Section 380: Sciences agricoles, zootechnie, phytiatrie et phytopharmacie, aliments et industries alimentaires 675 $a58 675 $a59 675 $a63 675 $a664 676 $a011 676 $a630.2 676 $a664 676 $a615.53 712 02$aCentre national de la recherche scientifique$c 801 0$aIT$bACNP$c20090723 859 4 $uhttp://acnp.cib.unibo.it/cgi-ser/start/it/cnr/dc-p1.tcl?catno=1123&person=false&language=ITALIANO&libr=&libr_th=unina1$zBiblioteche che possiedono il periodico 901 $aSE 912 $a990008933480403321 958 $aBiblioteca. Dipartimento di Strutture, Funzioni e Tecnologie Biologiche dell'Università Federico II$b1969-1970.$fDMVSF 959 $aDMVSF 996 $aBulletin signalétique. CNRS. Section 380: Sciences agricoles, zootechnie, phytiatrie et phytopharmacie, aliments et industries alimentaires$9798161 997 $aUNINA AP1 8 $6866-01$aNA090 Biblioteca. Dipartimento di Strutture, Funzioni e Tecnologie Biologiche dell'Università Federico II$ev. Delpino,1, Napoli (NA)$m(081) 440120$nit AP2 40$aacnp.cib.unibo.it$nACNP Italian Union Catalogue of Serials$uhttp://acnp.cib.unibo.it/cgi-ser/start/it/cnr/df-p.tcl?catno=1123&language=ITALIANO&libr=&person=&B=1&libr_th=unina&proposto=NO LEADER 03903nam 22006375 450 001 9910768441703321 005 20260331110817.0 010 $a9783034805544 010 $a3034805543 024 7 $a10.1007/978-3-0348-0554-4 035 $a(CKB)3710000000074927 035 $a(EBL)1593006 035 $a(SSID)ssj0001067643 035 $a(PQKBManifestationID)11944721 035 $a(PQKBTitleCode)TC0001067643 035 $a(PQKBWorkID)11092460 035 $a(PQKB)10657994 035 $a(MiAaPQ)EBC1593006 035 $a(DE-He213)978-3-0348-0554-4 035 $a(PPN)176102892 035 $a(MiFhGG)9783034805544 035 $a(MiFhGG)9783034805537 035 $a(EXLCZ)993710000000074927 100 $a20131127d2014 u| 0 101 0 $aeng 135 $aur|n|---||||| 181 $ctxt 182 $cc 183 $acr 200 10$aLooking at Numbers /$fby Tom Johnson, Franck Jedrzejewski 205 $a1st ed. 2014. 210 1$aBasel :$cSpringer Basel :$cImprint: Birkhäuser,$d2014. 215 $a1 online resource (126 p.) 300 $aDescription based upon print version of record. 311 08$a9783034805537 311 08$a3034805535 320 $aIncludes bibliographical references and index. 327 $aIntroduction -- 1. Permutations -- 1.1 Symmetric Group -- 1.2 Bruhat Order -- 1.3 Euler Characteristic -- 1.4 Group Action -- 1.5 Permutohedra and Cayley Graphs -- 1.6 Coxeter Groups -- 1.7 Homometric Sets -- 2. Sums -- 2.1 Integer Partitions -- References -- 3. Subsets -- 3.1 Combinatorial Designs -- 4 Kirkman?s Ladies, a Combinatorial Design -- 4.1 Steiner and Kirkman Systems -- 5. Twelve -- 5.1 (12,4,3) -- 6. (9,4,3) -- 6.1 Decomposition of Block Designs -- 7. 55 Chords -- 7.1 Chords and Designs.-8. Clarinet Trio -- 8.1 Strange Fractal Sequences -- 9. Loops -- 9.1 Self-Replicating Melodies -- 9.2 Rhythmic Canons.-10. Juggling -- 10.1 Juggling, Groups, and Braids -- 11. Unclassified -- 11.1 Some Other Designs -- A Figures -- References. 330 $aGalileo Galilei said he was ?reading the book of nature? as he observed pendulums swinging, but he might also simply have tried to draw the numbers themselves as they fall into networks of permutations or form loops that synchronize at different speeds, or attach themselves to balls passing in and out of the hands of good jugglers. Numbers are, after all, a part of nature. As such, looking at and thinking about them is a way of understanding our relationship to nature. But when we do so in a technical, professional way, we tend to overlook their basic attributes, the things we can understand by simply ?looking at numbers.? Tom Johnson is a composer who uses logic and mathematical models, such as combinatorics of numbers, in his music. The patterns he finds while ?looking at numbers? can also be explored in drawings. This book focuses on such drawings, their beauty and their mathematical meaning. The accompanying comments were written in collaboration with the mathematician Franck Jedrzejewski. 606 $aGraph theory 606 $aMathematics 606 $aGraph Theory$3https://scigraph.springernature.com/ontologies/product-market-codes/M29020 606 $aMathematics, general$3https://scigraph.springernature.com/ontologies/product-market-codes/M00009 606 $aMathematics in Music$3https://scigraph.springernature.com/ontologies/product-market-codes/M33000 615 0$aGraph theory. 615 0$aMathematics. 615 14$aGraph Theory. 615 24$aMathematics, general. 615 24$aMathematics in Music. 676 $a513.5 700 $aJohnson$b Tom$4aut$4http://id.loc.gov/vocabulary/relators/aut$0721690 702 $aJedrzejewski$b Franck$4aut$4http://id.loc.gov/vocabulary/relators/aut 906 $aBOOK 912 $a9910768441703321 996 $aLooking at Numbers$93658079 997 $aUNINA